Nesmrteľná žena (Record no. 22835)
[ view plain ]
| 000 -LEADER | |
|---|---|
| fixed length control field | 00874nam a2200277 a 4500 |
| 001 - CONTROL NUMBER | |
| control field | 22835 |
| 003 - CONTROL NUMBER IDENTIFIER | |
| control field | SK-KTurca |
| 005 - DATE AND TIME OF LATEST TRANSACTION | |
| control field | 20260429113751.0 |
| 008 - FIXED-LENGTH DATA ELEMENTS--GENERAL INFORMATION | |
| fixed length control field | 950616s1992 xo a g 000 1dslo c |
| 020 ## - INTERNATIONAL STANDARD BOOK NUMBER | |
| International Standard Book Number | 8085327104 |
| Terms of availability | 95.00 |
| 035 ## - SYSTEM CONTROL NUMBER | |
| System control number | UKB000021381 |
| 040 ## - CATALOGING SOURCE | |
| Original cataloging agency | BAA001 |
| Language of cataloging | slo |
| Transcribing agency | BAA001 |
| Description conventions | AACR2 |
| 041 1# - LANGUAGE CODE | |
| Language code of text/sound track or separate title | slo |
| Language code of original | eng |
| 044 ## - COUNTRY OF PUBLISHING/PRODUCING ENTITY CODE | |
| MARC country code | xo |
| ISO country code | SK |
| 080 ## - UNIVERSAL DECIMAL CLASSIFICATION NUMBER | |
| Universal Decimal Classification number | 820(73)-312.6 Stone,I.=03 |
| 100 1# - MAIN ENTRY--PERSONAL NAME | |
| Personal name | Stone, Irving, |
| Dates associated with a name | 1903-1989 |
| 240 10 - UNIFORM TITLE | |
| Uniform title | Immortal wife. |
| Language of a work | Slovensky |
| 245 10 - TITLE STATEMENT | |
| Title | Nesmrteľná žena |
| Remainder of title | životopisný román o Jessie Fremontovej-Bentonovej |
| Statement of responsibility, etc. | Irving Stone ; z angl. orig. prel. Adriena Bruothová-Kuzmányová |
| 260 ## - PUBLICATION, DISTRIBUTION, ETC. | |
| Place of publication, distribution, etc. | Bratislava |
| Name of publisher, distributor, etc. | EDIPOSS |
| Date of publication, distribution, etc. | 1992 |
| 300 ## - PHYSICAL DESCRIPTION | |
| Extent | 489 s. |
| 500 ## - GENERAL NOTE | |
| General note | Frontsp. |
| 600 17 - SUBJECT ADDED ENTRY--PERSONAL NAME | |
| Personal name | Fremont-Bénton, Jessie |
| Source of heading or term | UKB |
| 653 ## - INDEX TERM--UNCONTROLLED | |
| Uncontrolled term | 820(73)-312.6 Stone,I.=03 |
| 700 1# - ADDED ENTRY--PERSONAL NAME | |
| Personal name | Bruothová-Kuzmányová, Adriena |
| Relationship | trl |
| 942 ## - ADDED ENTRY ELEMENTS (KOHA) | |
| Source of classification or shelving scheme | Dewey Decimal Classification |
| Koha item type | Krásna literatúra pre dospelých |
| Suppress in OPAC | No |
| Stav vyradenia | Strata | Poškodenie | Spôsob nadobudnutia | Domovská knižnica | Aktuálna knižnica | Dátum nadobudnutia | Total checkouts | Čiarový kód exemplára | Date last seen | Typ exemplára |
|---|---|---|---|---|---|---|---|---|---|---|
| Dar | Obecná knižnica Turčianska Štiavnička | Obecná knižnica Turčianska Štiavnička | 29.04.2026 | 4738001090 | 29.04.2026 | Krásna literatúra pre dospelých |
